|
|
|
|
| LEADER |
00000nab a2200000 a 4500 |
| 001 |
vtls000575792 |
| 003 |
SK-MaSNL |
| 005 |
20260304093146.0 |
| 008 |
250425c1995 xo 0 slo |
| 015 |
|
|
|a SNBRB19rr/mm-uuuuu
|
| 035 |
|
|
|a CL0575930
|
| 035 |
|
|
|a urn:nbn:sk:snk-ab2o0n
|
| 035 |
|
|
|a (urnnbn)urn:nbn:sk:snk:ar-a02org
|
| 035 |
|
|
|a (uuid)e7bc7796-7387-4544-9ecc-b85974fe2956
|
| 040 |
|
|
|a SNKBUCL
|b slo
|c SNKBUCL
|e AACR2
|
| 041 |
0 |
|
|a slo
|
| 044 |
|
|
|a xo
|c SK
|
| 080 |
|
|
|a 737.2(437.6)
|2 1981
|
| 100 |
1 |
|
|a Pichlerová, Magda,
|d 1931-2014
|4 aut
|9 170667
|
| 245 |
1 |
0 |
|a Nová jubilejná medaila SNS
|c M. Pichlerová
|
| 300 |
|
|
|b Obr. 2
|
| 610 |
2 |
7 |
|a Slovenská numizmatická spoločnosť
|2 snkbucl
|9 30388
|
| 650 |
0 |
7 |
|a pamätné medaily
|2 snkbucl
|9 51482
|
| 655 |
|
7 |
|a články z novín a časopisov
|2 snkbucl
|9 267496
|
| 773 |
0 |
|
|t Múzeum
|g Roč. 40, č. 4 (1995), s. 37
|x 0027-5263
|
| 850 |
|
|
|a Slovenská národná knižnica
|
| 852 |
|
|
|a Slovenská národná knižnica
|
| 954 |
|
|
|a odborná, vedecká literatúra pôvodná (slovenská)
|2 lita
|
| 958 |
|
|
|a article27
|
| 958 |
|
|
|a OND
|
| 958 |
|
|
|a EUIPO
|
| 992 |
|
|
|a RBX
|
| 999 |
|
|
|c 2821913
|d 2823843
|